Catálogo público

Foodborne pathogens / (Record no. 171910)

MARC details
000 -CABECERA
campo de control de longitud fija 00701nam a2200253Ia 4500
001 - NÚMERO DE CONTROL
campo de control dia_1362
003 - IDENTIFICADOR DEL NÚMERO DE CONTROL
campo de control CHAP
005 - FECHA Y HORA DE LA ÚLTIMA TRANSACCIÓN
campo de control 20251027153307.0
008 - DATOS DE LONGITUD FIJA--INFORMACIÓN GENERAL
campo de control de longitud fija 220117s1991 xx 000 0 und d
010 ## - NÚMERO DE CONTROL DE LA BIBLIOTECA DEL CONGRESO
Número de control de LC 171910
040 ## - FUENTE DE LA CATALOGACIÓN
Centro/agencia transcriptor CHAP
082 ## - NÚMERO DE LA CLASIFICACIÓN DECIMAL DEWEY
Número de clasificación 576.163 V3
100 ## - ENTRADA PRINCIPAL--NOMBRE DE PERSONA
Nombre de persona Varnam, A.H
9 (RLIN) 150608
240 ## - TÍTULO UNIFORME
Título uniforme Foodborne Pathogens
245 ## - MENCIÓN DE TÍTULO
Título Foodborne pathogens /
Mención de responsabilidad, etc. by a.h varnam
260 ## - PUBLICACIÓN, DISTRIBUCIÓN, ETC.
Lugar de publicación, distribución, etc. England, wolfe publishing ltd
Fecha de publicación, distribución, etc. 1991
300 ## - DESCRIPCIÓN FÍSICA
Extensión 557 p
500 ## - NOTA GENERAL
Nota general I . 174708
600 ## - PUNTO DE ACCESO ADICIONAL DE MATERIA--NOMBRE DE PERSONA
Nombre de persona alimento- bactereologia./ 2. alimentos - atralesis i.t
9 (RLIN) 150609
901 ## - ELEMENTOS DE DATOS A LOCAL LDA (RLIN)
a 576.163 V3
902 ## - ELEMENTOS DE DATOS B LOCAL, LDB (RLIN)
a M
905 ## - ELEMENTOS DE DATOS E LOCAL, LDE (RLIN)
a 0000001991 EUAA 0000000000ING00
942 ## - ELEMENTOS DE PUNTO DE ACCESO ADICIONAL (KOHA)
Tipo de ítem Koha Libro
Fuente del sistema de clasificación o colocación Dewey Decimal Classification
Holdings
Estado de retiro Estado de pérdida Fuente del sistema de clasificación o colocación Estado dañado Restricciones de uso No para préstamo Código de colección Localización permanente Ubicación/localización actual Fecha de adquisición Fuente de adquisición Coste, precio normal de compra Número de inventario Total de préstamos Renovaciones totales Signatura topográfica completa Código de barras En préstamo Fecha visto por última vez Fecha del último préstamo Número de copia Tipo de ítem Koha
    Dewey Decimal Classification   Préstamo interno   General Ingenieria Agroindustrial Ingenieria Agroindustrial 22/11/1994 Compra Librería Patena F. 802 / R. (22/11/1994) 513.00 174708 6 5 576.163 V3 dia_4351 24/06/2024 20/10/2023 20/10/2023 1 Libro